| 000 | 00614nam a2200181 a 4500 | ||
|---|---|---|---|
| 005 | 20240907063648.0 | ||
| 008 | 991125s1962 ea 000 0 eng u | ||
| 035 | _aUPN01000002478 | ||
| 049 | _aCG | ||
| 050 | 4 |
_aLD7501 W3 _bH3 |
|
| 100 | 1 | _aHansen, Carl F. | |
| 245 | 1 | 4 |
_aThe Amidon Elementary School : _ba successful demostration in basic education / _cby Carl F. Hansen. |
| 260 |
_aEnglewood Cliffs, N.J. : _bPrentice-Hall, _c1962. |
||
| 300 |
_a252 p. : _bil. |
||
| 610 | 1 | 4 |
_aWASHINGTON, ESTADOS UNIDOS. _bAMIDON ELEMENTARY SCHOOL _914645 |
| 650 | 0 |
_aEducación primaria _zEstados Unidos _918493 |
|
| 905 | _aLibro | ||
| 999 |
_c2478 _d2478 |
||